000 00685nam a2200205Ia 4500
003 IN-BaIIA
008 211028s9999 xx 000 0 eng d
020 _a978-1-4020-5300-9
040 _cIIA Library
080 _a52(082.1)
_bASS-343
245 0 _aOrganizations and strategies in astronomy
_bvol. 7
_cedited by Andre Heck
260 _aDordrecht
_bSpringer
_c2006
300 _axi, 594p.
490 _aAstrophysics and space science library; v. 343
650 _aAstronomy - research
_925205
650 _aAstronomy - societies
_912562
650 _aCommunication in astronomy
_929610
700 _aHeck, Andre., ed.
_917833
942 _cBK
999 _c16496
_d16496